Úvod k zborníku

Guardado en:
Detalles Bibliográficos
Autor principal: Škriniar, Pavel, 1979-
Formato: Capítulo de libro
Lenguaje:eslovaco
Etiquetas: Agregar Etiqueta
Sin Etiquetas, Sea el primero en etiquetar este registro!

MARC

LEADER 00000nla a2200000 4500
001 0200329
005 20240502073404.6
041 0 |a slo 
044 |a SK 
245 1 0 |a Úvod k zborníku  |c Pavel Škriniar 
100 1 |a Škriniar, Pavel, 1979-